000 00393nam a2200145Ia 4500
008 231129s1981||||xx |||||||||||||| ||spa||
020 _a84-226-1220-8
040 _bspa
082 _a833 K82c
100 _aKonsalik Heinz G.
245 0 _aCorazones perdidos
260 _c1981
264 _aBogotá Colombia : Cí­rculo de Lectores
942 _2ddc
_cBKS
999 _c8119
_d8119